KOHA-Header-6

Operations Research (Record no. 13233)

000 -LEADER
fixed length control field 00305nam a22001337a 4500
020 ## - INTERNATIONAL STANDARD BOOK NUMBER
ISBN 9789692102940
082 ## - DEWEY DECIMAL CLASSIFICATION NUMBER
Classification number 003
100 ## - MAIN ENTRY--AUTHOR NAME
Personal name Professor Dr M.M.A Feeroze
245 ## - TITLE STATEMENT
Title Operations Research
250 ## - EDITION STATEMENT
Edition statement 1st Edition
260 ## - PUBLICATION, DISTRIBUTION, ETC. (IMPRINT)
Place of publication Pakistan
Name of publisher Paramount Books
Year of publication 2021
300 ## - PHYSICAL DESCRIPTION
Number of Pages 274 pages
942 ## - ADDED ENTRY ELEMENTS (KOHA)
Koha item type Books
Holdings
Withdrawn status Lost status Collection code Permanent Location Current Location Shelving location Date acquired Full call number Accession Number Koha item type
    Management MAJU MAJU   2022-02-26 003 10295 Management

Powered by Koha